000 00642nam a2200205 4500
003 OSt
005 20240729060506.0
006 a
008 240729b |||||||| |||| 00| 0 eng d
020 _a9710869930
040 _aDWCL-Main lib.
_cOC
082 _aFil. 382.5 M843h 2009
100 _aMoreno, Ruben C.
245 _aHandbook on customs administration book 3 : Customs bonded warehousing operation /
260 _aMandaluyong City :
_bNational Book Store,
_cc2009.
300 _axiv,
_b280 p. ;
_c22 cm.
650 _a1. Customs administration-Philippines.
650 _a 2. Imports-Philippines.
942 _2ddc
_n0
_cBK - FIL
_kFil.
999 _c2908
_d2908